00597nam a2200193Ia 450000500170000000800410001702000150005808200150007310000200008824500740010825000090018226000490019130000190024065000140025965000120027394200060028595200970029199900150038820240528063920.0240331s9999 xx 000 0 und d a8120708075 bRAHa338.9 aRahman, Masihur 0aPolitical economy of income distribution in Sri LankacMasihur Rahman a1 st aNew DelhibSterling Publishers Pvt Ltdc1988 axii, 163 p ., aPolitical aEconomy cL 001040708LaWERCLbWERCLcSSCd2024-03-31l0o 388.9 RAHp1388r2024-03-31w2024-03-31yL c2769d2769